000 00635cam a2200253 4500
001 J63510
008 000000n2000 000 0 eng u
035 _a(Sirsi) u110593
050 _a333.3370946
110 _aCB Richard Ellis
_93675
245 _aMadrid-Spain market bulletin - Industrial units 2000
260 _bCB Richard Ellis
_c2000
300 _a4p. ; 30cm.
650 _aSPAIN
650 _aMADRID
650 _aPROPERTY MARKET
650 _aINDUSTRIAL PROPERTY
650 _aINVESTMENT
650 _aRENTS
650 _aYIELDS
650 _aEUROPE
690 _aPROPERTY-COMMERCIAL PROPERTY
942 _n0
999 _c101105
_d101105